| 000 | 01382pab a2200181 454500 | ||
|---|---|---|---|
| 008 | 180718b2000 xxu||||| |||| 00| 0 eng d | ||
| 100 | _aWalters, Lawrence C. | ||
| 245 | _aPutting more public in policy analysis | ||
| 260 | _c2000 | ||
| 300 | _ap.349-59 | ||
| 362 | _aJul-Aug | ||
| 520 | _aA persistent criticism of policy analysis is that it undermines basic democratic institutions and processes by replacing public participation with expert analysis. Many decision makers shun broader participation because of the complexity of an issue or the cost, uncertainty, and delay often associated with public involvement. This article presents a model for the systematic inclusion of public input into relatively complex public policy decisions. It outlines two determinants of success in public participation efforts; the purpose for public involvement and the nature of the issue; furthermore, it applies the model to two issues in recent Utah history that have involved public participation. Using these principles, decision makers should be able to design and implement public participation strategies that both inform the public about substantive policy questions and improve the quality of the final decision. - Reproduced | ||
| 650 | _aPublic policy | ||
| 700 | _aMiller, Jessica | ||
| 700 | _aAydelotte, James | ||
| 773 | _aPublic Administration Review | ||
| 909 | _a45690 | ||
| 999 |
_c45690 _d45690 |
||